000 00503nam a2200193Ia 4500
005 20250923150214.0
008 008 250917s9999 xx 000 0 eng d
037 _aTextual
040 _aDSWL
_beng
_cDSWL
041 _aeng
_2eng
084 _qDSWL
245 0 _aSustainable Learning for Women's Empowerment
_cEd.by L Mayoux
260 _aNew Delhi
_b Samakriti
_c2003
300 _a327 p.
365 _aINR
_b375 .0
925 _g375 .0
942 _cTEXL
999 _c1460781
_d1460781